[Event "II C.to Italiano a squadre femminile"]
[Site "Senigallia ITA"]
[Date "2009.05.01"]
[Round "4"]
[White "Di Primio, Eugenia"]
[Black "De Rosa, Mariagrazia"]
[Result "0-1"]
[WhiteElo "1959"]
[BlackElo "2097"]
[PlyCount "152"]
[EventDate "2009.04.30"]

1. e4 c5 2. Nc3 e6 3. f4 d5 4. d3 Nc6 5. Nf3 Nf6 6. g3 Be7 7. Bg2 dxe4 8. Nxe4
Nxe4 9. dxe4 Qxd1+ 10. Kxd1 O-O 11. c3 b6 12. Be3 Ba6 13. Kc2 Rad8 14. Rad1 Be2
15. Rd2 Rxd2+ 16. Nxd2 Rd8 17. Bf1 Bxf1 18. Rxf1 f5 19. Re1 Kf7 20. Bf2 h6 21.
Nf3 g5 22. exf5 exf5 23. fxg5 hxg5 24. Be3 g4 25. Nd2 Rh8 26. Re2 Bd6 27. Nc4
Bc7 28. Bg1 Rh6 29. Rd2 Re6 30. Rd7+ Re7 31. Rxe7+ Kxe7 32. Be3 Ke6 33. Kd3 b5
34. Nd2 Ne5+ 35. Ke2 Kd5 36. Bf4 Bd6 37. Ke3 a5 38. b3 a4 39. c4+ bxc4 40. Nxc4
Nxc4+ 41. bxc4+ Ke6 42. Bg5 Be5 43. Kd3 Bd4 44. Be3 Bxe3 45. Kxe3 Ke5 46. a3
Ke6 47. Kd3 Kf6 48. Ke2 Kg5 49. Ke3 Kf6 50. Ke2 Ke6 51. Kd3 Ke5 52. Ke3 f4+ 53.
gxf4+ Kf5 54. Ke2 Kxf4 55. Kf2 Ke4 56. Kg3 Kd4 57. Kxg4 Kxc4 58. h4 Kb3 59. h5
c4 60. h6 c3 61. h7 c2 62. h8=Q c1=Q 63. Qb8+ Kxa3 64. Qd6+ Kb3 65. Qd3+ Kb4
66. Qd6+ Qc5 67. Qd2+ Qc3 68. Qd6+ Kb3 69. Qd1+ Ka3 70. Qd8 Qc4+ 71. Kf3 Kb2
72. Kf2 a3 73. Qb6+ Qb3 74. Qf6+ Qc3 75. Qb6+ Kc1 76. Ke2 Qb2+ 0-1

[Event "II C.to Italiano a squadre femminile"]
[Site "Senigallia ITA"]
[Date "2009.05.02"]
[Round "5"]
[White "Brunello, Roberta"]
[Black "Arnetta, Marianna"]
[Result "1-0"]
[WhiteElo "1940"]
[BlackElo "1952"]
[PlyCount "147"]
[EventDate "2009.04.30"]

1. e4 e6 2. d4 d5 3. e5 c5 4. c3 Nc6 5. Nf3 Qb6 6. a3 Bd7 7. b4 cxd4 8. cxd4
Rc8 9. Bb2 Nge7 10. Nc3 Na5 11. Rc1 Nc4 12. Na4 Qc6 13. Bxc4 dxc4 14. Nc5 b6
15. Nxd7 Qxd7 16. O-O Nd5 17. Ng5 Be7 18. Ne4 O-O 19. Rc2 Rc7 20. Bc1 a6 21.
Qg4 f5 22. exf6 Nxf6 23. Nxf6+ Bxf6 24. Bf4 Rcc8 25. Be5 Qd5 26. Re1 b5 27.
Bxf6 Rxf6 28. Re5 Qd6 29. Rce2 Rd8 30. Rxe6 Rxe6 31. Qxe6+ Qxe6 32. Rxe6 Rxd4
33. Kf1 Rh4 34. Rxa6 Rxh2 35. Ra5 c3 36. Ra8+ Kf7 37. Rc8 Rh1+ 38. Ke2 Rc1 39.
Kd3 Rd1+ 40. Kc2 Rd2+ 41. Kxc3 Rxf2 42. Rc5 Rxg2 43. Rxb5 Rg3+ 44. Kc4 Rxa3 45.
Ra5 Rf3 46. Ra7+ Ke6 47. Rxg7 h5 48. Kc5 Rf5+ 49. Kc6 Rf1 50. b5 Rc1+ 51. Kb7
Kd6 52. b6 Rf1 53. Rc7 h4 54. Kb8 h3 55. Rh7 Kc6 56. b7 Rb1 57. Rh6+ Kd7 58.
Rxh3 Rf1 59. Rc3 Rf2 60. Rc4 Rf1 61. Rc5 Ra1 62. Rd5+ Kc6 63. Kc8 Kxd5 64. b8=Q
Rc1+ 65. Kd7 Rc5 66. Qf4 Rb5 67. Kc7 Rc5+ 68. Kd7 Rb5 69. Qf5+ Kc4 70. Qe4+ Kc5
71. Kc7 Rb4 72. Qe5+ Kc4 73. Kc6 Kb3 74. Qd5+ 1-0

[Event "II C.to Italiano a squadre femminile"]
[Site "Senigallia ITA"]
[Date "2009.05.02"]
[Round "5"]
[White "De Rosa, Mariagrazia"]
[Black "Brunello, Marina"]
[Result "0-1"]
[WhiteElo "2097"]
[BlackElo "2166"]
[PlyCount "120"]
[EventDate "2009.04.30"]

1. e4 c5 2. Nc3 d6 3. d4 cxd4 4. Qxd4 a6 5. Bg5 Nc6 6. Qd2 h6 7. Be3 Nf6 8. f3
b5 9. O-O-O Bb7 10. g4 Rc8 11. g5 hxg5 12. Bxg5 Qa5 13. Kb1 e6 14. f4 b4 15.
Bxf6 gxf6 16. Nce2 b3 17. Qxa5 Nxa5 18. Rd4 bxa2+ 19. Kxa2 Rxc2 20. Bg2 f5 21.
Ra4 Nc6 22. Kb1 Rc5 23. Nc3 fxe4 24. Nxe4 Ra5 25. Nc3 Rxa4 26. Nxa4 Bg7 27. Ne2
Na5 28. Bxb7 Nxb7 29. h4 Rh5 30. Ng3 Rb5 31. Kc2 Rb4 32. Nh5 Bh6 33. Nc3 Bxf4
34. Na2 Rd4 35. Nxf4 Rxf4 36. h5 Kf8 37. Nc3 Kg7 38. Kd3 Kh6 39. b3 Rf5 40. Ra1
Rxh5 41. b4 Rh4 42. Rxa6 Rxb4 43. Ra8 Nc5+ 44. Ke2 Kg7 45. Rd8 d5 46. Rc8 Ne4
47. Nd1 Kf6 48. Rc7 Ng3+ 49. Kd3 Nf5 50. Nc3 Rd4+ 51. Ke2 Rc4 52. Rxc4 dxc4 53.
Ne4+ Ke5 54. Ng5 Nd6 55. Nf3+ Kf4 56. Nd4 e5 57. Nc2 Nf5 58. Kd2 Ke4 59. Na3
Ne3 60. Nb5 f5 0-1

[Event "II C.to Italiano a squadre femminile"]
[Site "Senigallia ITA"]
[Date "2009.05.02"]
[Round "5"]
[White "Foisor, Cristina-Adela"]
[Black "Arnetta, Maria Teresa"]
[Result "1-0"]
[WhiteElo "2423"]
[BlackElo "2027"]
[PlyCount "99"]
[EventDate "2009.04.30"]

1. Nf3 Nf6 2. c4 c6 3. Nc3 d5 4. e3 Bg4 5. cxd5 cxd5 6. Qb3 Bc8 7. Ne5 e6 8. d4
Be7 9. Bd2 O-O 10. Rc1 Nbd7 11. f4 a6 12. Bd3 Nxe5 13. fxe5 Nd7 14. O-O f6 15.
exf6 Nxf6 16. Rf3 b5 17. Rcf1 Qd6 18. Be1 Bd7 19. Bg3 Qb6 20. Bh4 Qd6 21. Rh3
h6 22. Bb1 Ne4 23. Nxe4 Rxf1+ 24. Kxf1 dxe4 25. Bxe7 Qxe7 26. Bxe4 Rc8 27. a3
b4 28. Qxb4 Bb5+ 29. Ke1 Qf6 30. Bf3 Qf5 31. Rh4 Rc1+ 32. Kf2 Rc2+ 33. Kg3 Qg5+
34. Rg4 Qxe3 35. Qe7 g5 36. Re4 Qf2+ 37. Kh3 Bc4 38. Qf6 Bd5 39. Qg6+ Kf8 40.
Qxh6+ Ke8 41. Qxg5 Bxe4 42. Bxe4 Rxb2 43. Bc6+ Kf8 44. Qd8+ Kg7 45. Bf3 Qd2 46.
Qe7+ Kh8 47. Qf6+ Kg8 48. Qxe6+ Kf8 49. Qf6+ Ke8 50. Bc6# 1-0

[Event "II C.to Italiano a squadre femminile"]
[Site "Senigallia ITA"]
[Date "2009.05.03"]
[Round "6"]
[White "Brunello, Marina"]
[Black "Sautto, Alessandra"]
[Result "1-0"]
[WhiteElo "2166"]
[BlackElo "1932"]
[PlyCount "85"]
[EventDate "2009.04.30"]

1. e4 d5 2. exd5 Qxd5 3. Nc3 Qd8 4. d4 c6 5. Bc4 Nf6 6. h3 b5 7. Bb3 e6 8. Nf3
Be7 9. O-O O-O 10. Ne2 Nbd7 11. c3 Bb7 12. Ng3 c5 13. Be3 Qc7 14. Bc2 Rfd8 15.
Qe2 a6 16. Rad1 Bd6 17. dxc5 Nxc5 18. Bd4 Ncd7 19. Ne4 Be7 20. Neg5 Bd5 21. Bb3
Bc4 22. Bxc4 Qxc4 23. Qxc4 bxc4 24. Rfe1 h6 25. Ne4 Nd5 26. b4 a5 27. a3 axb4
28. axb4 Ra3 29. Ra1 Rda8 30. Rxa3 Rxa3 31. Ned2 Nxc3 32. Nxc4 Rb3 33. Nfd2
Rxb4 34. Bxc3 Rb8 35. Rb1 Rxb1+ 36. Nxb1 f6 37. Kf1 Kf7 38. Ke2 e5 39. Nbd2 Ke6
40. Nb3 g5 41. g4 f5 42. Ne3 fxg4 43. hxg4 1-0

[Event "II C.to Italiano a squadre femminile"]
[Site "Senigallia ITA"]
[Date "2009.05.03"]
[Round "6"]
[White "Messina, Roberta"]
[Black "Brunello, Roberta"]
[Result "0-1"]
[WhiteElo "1901"]
[BlackElo "1940"]
[PlyCount "116"]
[EventDate "2009.04.30"]

1. e4 e5 2. Nf3 Nc6 3. Bc4 Bc5 4. c3 Nf6 5. d4 exd4 6. cxd4 Bb4+ 7. Nc3 Nxe4 8.
O-O Bxc3 9. d5 Bf6 10. Re1 Ne7 11. Rxe4 d6 12. Bg5 Bxg5 13. Nxg5 h6 14. Qe2
hxg5 15. Re1 Be6 16. dxe6 f6 17. Re3 Kf8 18. Rh3 Rxh3 19. gxh3 g6 20. Qf3 Kg7
21. Bb3 d5 22. Qd3 Qd6 23. Qb5 Rh8 24. Re3 b6 25. Qd3 c6 26. Bc2 g4 27. Rg3
Rxh3 28. Rxh3 gxh3 29. Qxh3 a5 30. a3 Qe5 31. b4 axb4 32. axb4 Qe1+ 33. Kg2
Qxb4 34. Qg3 Qc5 35. Bb1 d4 36. h4 Qd5+ 37. Kh2 Qxe6 38. Qd3 Qg4 39. h5 Qxh5+
40. Kg2 Qg4+ 41. Kh2 Nd5 42. Qc2 Nf4 43. Qe4 Qh4+ 44. Kg1 Nh3+ 45. Kg2 Qxe4+
46. Bxe4 Nf4+ 47. Kf3 Nd5 48. Bd3 f5 49. Ba6 Kf6 50. Ke2 Ke5 51. Bc8 b5 52. Bd7
c5 53. Kd2 Nc3 54. Be8 g5 55. Bf7 c4 56. Be8 b4 57. Bc6 b3 58. Kc1 d3 0-1

[Event "II C.to Italiano a squadre femminile"]
[Site "Senigallia ITA"]
[Date "2009.05.03"]
[Round "6"]
[White "Panella, Fiammetta"]
[Black "Foisor, Cristina-Adela"]
[Result "0-1"]
[WhiteElo "2010"]
[BlackElo "2423"]
[PlyCount "100"]
[EventDate "2009.04.30"]

1. e4 c5 2. Nf3 a6 3. Nc3 b5 4. d4 e6 5. dxc5 Bxc5 6. Bd3 Bb7 7. O-O d6 8. a3
Nf6 9. Qe2 Nc6 10. Bf4 Nd4 11. Nxd4 Bxd4 12. e5 Bxc3 13. bxc3 Nd5 14. Bd2 Rc8
15. Qg4 dxe5 16. Qxg7 Qf6 17. Qxf6 Nxf6 18. a4 Rg8 19. g3 Ne4 20. Bxe4 Bxe4 21.
axb5 axb5 22. Rfe1 Bxc2 23. Rxe5 Bd3 24. Ra7 Rg4 25. f4 Kf8 26. Kf2 Kg8 27. h4
Bc4 28. Rg5+ Rxg5 29. hxg5 Kg7 30. Be3 Kg6 31. Bd4 Rd8 32. Ke3 e5 33. Bxe5 Kf5
34. Bd4 Re8+ 35. Be5 h6 36. Ra6 hxg5 37. Kd4 Be6 38. Rb6 f6 39. Bc7 Bc4 40.
fxg5 fxg5 41. Rd6 Re4+ 42. Kc5 Re3 43. Kd4 Rd3+ 44. Kc5 Rxc3 45. Rd8 Bf7+ 46.
Kb6 b4 47. Rf8 Kg6 48. Be5 Re3 49. Bd6 b3 50. Kc5 b2 0-1

[Event "XXXIV Coppa A"]
[Site "Cagliari ITA"]
[Date "2009.05.01"]
[Round "1"]
[White "Camboni, Paolo"]
[Black "Marano, Daniele"]
[Result "0-1"]
[WhiteElo "1988"]
[BlackElo "1617"]
[PlyCount "32"]
[EventDate "2009.05.01"]

1. g3 e5 2. Bg2 d5 3. d3 h6 4. f4 Nc6 5. c3 Nf6 6. Qc2 Bd6 7. Nf3 Bf5 8. Nh4
Bh7 9. f5 Qd7 10. e4 dxe4 11. dxe4 Bc5 12. Nd2 Ng4 13. Nb3 Bf2+ 14. Ke2 O-O-O
15. Bf3 Nb4 16. Rd1 Qc6 0-1

[Event "XL Corsicoscacchi A"]
[Site "Corsico ITA"]
[Date "2009.05.01"]
[Round "1"]
[White "Angelini, Marco"]
[Black "Sbarra, Marco"]
[Result "1-0"]
[WhiteElo "2033"]
[BlackElo "2232"]
[PlyCount "143"]
[EventDate "2009.05.01"]

1. e4 e5 2. Nf3 Nc6 3. d4 exd4 4. Nxd4 Nf6 5. f3 Bc5 6. Be3 Bxd4 7. Bxd4 O-O 8.
Nc3 Re8 9. Bc4 d6 10. Qd2 Be6 11. Bxe6 Rxe6 12. O-O-O Nxd4 13. Qxd4 c6 14. Ne2
Qa5 15. Kb1 Rd8 16. c4 b5 17. Nf4 Re5 18. Rc1 Re7 19. Rhd1 Red7 20. cxb5 Qxb5
21. Qc3 Rb8 22. Rd2 Rb6 23. Rcd1 c5 24. g4 h6 25. h4 Qb4 26. Qxb4 cxb4 27. g5
hxg5 28. hxg5 Nh7 29. Nd5 Rb8 30. Rh1 f6 31. g6 Nf8 32. Nf4 b3 33. Rdh2 bxa2+
34. Kxa2 Nxg6 35. Nxg6 Rb5 36. Rh5 d5 37. exd5 Kf7 38. Nf4 Rb4 39. Ne6 Rdb7 40.
R1h2 Kg6 41. R5h4 Rxh4 42. Rxh4 Kf5 43. Rh5+ g5 44. f4 Kg6 45. Rh1 gxf4 46.
Nxf4+ Kf5 47. Rf1 Ke5 48. Ng6+ Kxd5 49. Rxf6 Kc5 50. Ka3 Rh7 51. b4+ Kb5 52.
Rf5+ Kb6 53. Ka4 Rh6 54. Ne5 Rh1 55. Nc4+ Kc7 56. Kb5 Rh4 57. Rf7+ Kb8 58. Na5
Rh5+ 59. Ka4 Rh6 60. Nb3 Rg6 61. b5 Rd6 62. Nc5 Rd8 63. Rd7 Rh8 64. Ne6 Rh1 65.
Nd4 Ka8 66. Nc6 Ra1+ 67. Kb3 Rb1+ 68. Kc4 Rc1+ 69. Kb4 Rb1+ 70. Ka3 Ra1+ 71.
Kb2 Ra4 72. Rh7 1-0

[Event "XL Corsicoscacchi A"]
[Site "Corsico ITA"]
[Date "2009.05.01"]
[Round "1"]
[White "Bemporad, Filippo"]
[Black "Mastrorilli, Nicola"]
[Result "1-0"]
[WhiteElo "2100"]
[BlackElo "2012"]
[PlyCount "131"]
[EventDate "2009.05.01"]

1. d4 Nf6 2. Nf3 e6 3. g3 b6 4. Bg2 Bb7 5. O-O Be7 6. c4 O-O 7. Nc3 Ne4 8. Qc2
Nxc3 9. Qxc3 f5 10. b3 Bf6 11. Bb2 d6 12. Rfd1 Nd7 13. Ng5 Bxg5 14. Bxb7 Rb8
15. Bc6 Bf6 16. f4 Qe7 17. e4 fxe4 18. Bxe4 g6 19. Re1 c5 20. Qd2 Qg7 21. Bc6
Rfc8 22. Bf3 Nf8 23. Rad1 b5 24. cxb5 Rxb5 25. Ba1 Bxd4+ 26. Bxd4 Qxd4+ 27.
Qxd4 cxd4 28. Rxd4 d5 29. Re2 Rbc5 30. Ra4 R8c7 31. Bg4 Kf7 32. Ra6 R5c6 33.
Ra4 Nd7 34. Rd4 Nf8 35. Rdd2 Rc3 36. Kf2 R7c6 37. Rb2 Nd7 38. Red2 Nf6 39. Bf3
Ne8 40. Be2 Nd6 41. Bd3 Kf6 42. Rbc2 h6 43. Ke2 g5 44. Rxc3 Rxc3 45. Rc2 Nb5
46. Kd2 Rxc2+ 47. Bxc2 gxf4 48. gxf4 Nd4 49. Bd1 Kf5 50. Ke3 Nc6 51. a3 Na5 52.
Bc2+ Kg4 53. Bd1+ Kf5 54. h3 Kf6 55. Kd4 h5 56. b4 Nc4 57. a4 Kf5 58. Bxh5 Kxf4
59. Bf7 Kf5 60. b5 Nd6 61. Bh5 Kf4 62. Bg4 Nf5+ 63. Bxf5 Kxf5 64. a5 e5+ 65.
Ke3 d4+ 66. Kd2 1-0

[Event "XL Corsicoscacchi A"]
[Site "Corsico ITA"]
[Date "2009.05.01"]
[Round "1"]
[White "Bonazzi, Edoardo"]
[Black "Piemonti, Carlo"]
[Result "1-0"]
[WhiteElo "2179"]
[BlackElo "2016"]
[PlyCount "71"]
[EventDate "2009.05.01"]

1. Nf3 Nf6 2. c4 c5 3. g3 b6 4. Bg2 Bb7 5. O-O e6 6. Nc3 Be7 7. Re1 O-O 8. e4
d6 9. d4 cxd4 10. Nxd4 Qc8 11. Be3 Nbd7 12. f4 g6 13. Rc1 Rd8 14. Bf2 Ne8 15.
g4 Ng7 16. g5 Qb8 17. Qg4 f5 18. gxf6 Nxf6 19. Qh3 e5 20. Ne6 Bc8 21. f5 Re8
22. Nd5 Bxe6 23. fxe6 Bd8 24. Qf3 Nxd5 25. cxd5 Rf8 26. Qa3 b5 27. Rc6 b4 28.
Qa6 Rxf2 29. Kxf2 Bh4+ 30. Ke2 Bxe1 31. Kxe1 b3 32. a3 Qd8 33. Kd1 Ne8 34. Qb7
Kh8 35. Qf7 Ng7 36. Rc7 1-0

[Event "XL Corsicoscacchi A"]
[Site "Corsico ITA"]
[Date "2009.05.01"]
[Round "1"]
[White "Cazzaniga, Walter"]
[Black "Castrogiovanni, Carlo"]
[Result "1-0"]
[WhiteElo "2192"]
[BlackElo "2027"]
[PlyCount "59"]
[EventDate "2009.05.01"]

1. d4 Nf6 2. c4 c5 3. d5 b5 4. cxb5 a6 5. bxa6 Bxa6 6. Nc3 d6 7. Nf3 g6 8. g3
Bg7 9. Bg2 O-O 10. O-O Nbd7 11. Qc2 Qb6 12. Rd1 Rfb8 13. Rb1 Ng4 14. h3 Nge5
15. Nxe5 Bxe5 16. b3 Qa7 17. a4 Rb7 18. Bd2 Rab8 19. Na2 Bxe2 20. Re1 Ba6 21.
b4 cxb4 22. Nxb4 Qc5 23. Qe4 Qc4 24. Nxa6 Qxe4 25. Bxe4 Rxb1 26. Rxb1 Ra8 27.
Bd3 Nf6 28. a5 Nxd5 29. Be4 Rxa6 30. Bxd5 1-0

[Event "XL Corsicoscacchi A"]
[Site "Corsico ITA"]
[Date "2009.05.01"]
[Round "1"]
[White "Krasnov, Eduard"]
[Black "Ubezio, Marco"]
[Result "0-1"]
[WhiteElo "2015"]
[BlackElo "2163"]
[PlyCount "68"]
[EventDate "2009.05.01"]

1. e4 Nf6 2. e5 Nd5 3. d4 d6 4. Nf3 Bg4 5. Be2 c6 6. O-O Bxf3 7. Bxf3 dxe5 8.
dxe5 e6 9. c4 Ne7 10. Qxd8+ Kxd8 11. Rd1+ Nd7 12. Be4 Kc7 13. f4 Nf5 14. Bxf5
Bc5+ 15. Kf1 exf5 16. Nc3 Nf8 17. Na4 Be7 18. Be3 Ne6 19. Rd3 b6 20. Rad1 Rad8
21. Ke2 Rxd3 22. Rxd3 h6 23. Kf3 g5 24. g3 g4+ 25. Kg2 h5 26. Nc3 h4 27. Ne2
h3+ 28. Kf2 Nc5 29. Bxc5 Bxc5+ 30. Ke1 Rd8 31. Rxd8 Kxd8 32. Kd2 Bf2 33. Kd3
Kd7 34. Nc3 Bxg3 0-1

[Event "XL Corsicoscacchi A"]
[Site "Corsico ITA"]
[Date "2009.05.01"]
[Round "1"]
[White "Lucchese, Paolo"]
[Black "Mazzariol, Oscar"]
[Result "0-1"]
[WhiteElo "2005"]
[BlackElo "2062"]
[PlyCount "42"]
[EventDate "2009.05.01"]

1. e4 c5 2. Nf3 e6 3. d4 cxd4 4. Nxd4 Nf6 5. Bd3 Nc6 6. Nxc6 bxc6 7. O-O e5 8.
Qe2 Qb6 9. Nd2 Be7 10. Nc4 Qc7 11. Bd2 O-O 12. f4 d6 13. Ba5 Qb8 14. Bc3 Re8
15. Kh1 exf4 16. Rxf4 Bd8 17. Raf1 d5 18. Rxf6 Bxf6 19. Rxf6 dxc4 20. Qh5 gxf6
21. Bxf6 Qf4 0-1

[Event "XL Corsicoscacchi A"]
[Site "Corsico ITA"]
[Date "2009.05.01"]
[Round "1"]
[White "Ranieri, Fabrizio"]
[Black "Cereda, Loris"]
[Result "1/2-1/2"]
[WhiteElo "2249"]
[BlackElo "2050"]
[PlyCount "75"]
[EventDate "2009.05.01"]

1. e4 e5 2. Nf3 Nc6 3. Bc4 Bc5 4. c3 Nf6 5. d4 exd4 6. e5 d5 7. Bb5 Ne4 8. cxd4
Bb6 9. Be3 O-O 10. Nbd2 f6 11. O-O Bg4 12. Qc2 Nxd2 13. Qxd2 Bxf3 14. gxf3 fxe5
15. Bxc6 bxc6 16. Rac1 exd4 17. Bxd4 Bxd4 18. Qxd4 Qf6 19. Qxf6 Rxf6 20. Rfe1
Kf7 21. Re3 Rb8 22. Rc2 Re8 23. Kg2 Rd6 24. Ra3 Ra8 25. Rb3 Ke7 26. f4 d4 27.
Kf3 Kd7 28. Rd3 Rb8 29. Ra3 Rb7 30. Ke4 Rb4 31. Rd2 Re6+ 32. Kf3 c5 33. Rxa7
Kc6 34. Ra8 Kd5 35. Rg8 Re7 36. Rf8 h6 37. Rg8 c6 38. b3 1/2-1/2

[Event "XL Corsicoscacchi A"]
[Site "Corsico ITA"]
[Date "2009.05.01"]
[Round "1"]
[White "Volpi, Davide"]
[Black "Massironi, Marco"]
[Result "1/2-1/2"]
[WhiteElo "2020"]
[BlackElo "2180"]
[PlyCount "125"]
[EventDate "2009.05.01"]

1. e4 c5 2. Nf3 d6 3. g3 Nf6 4. d3 g6 5. Bg2 Bg7 6. O-O O-O 7. Nbd2 Nc6 8. c3
Bd7 9. Re1 Rc8 10. Rb1 Qc7 11. b3 Rfd8 12. Bb2 b5 13. d4 cxd4 14. Nxd4 Ne5 15.
Qe2 Qb6 16. c4 bxc4 17. bxc4 Bg4 18. f3 Nc6 19. Qe3 Bd7 20. Bc3 Ng4 21. Rxb6
Nxe3 22. Rxc6 Bxd4 23. Rxc8 Rxc8 24. Bxd4 Nc2 25. Bf2 Nxe1 26. Bxe1 Rb8 27. Nb3
Ba4 28. Nc1 Rb2 29. Bf1 Rc2 30. Ne2 Rxa2 31. Nc3 Ra1 32. Bf2 Bd7 33. Kg2 a5 34.
Nd5 Kf8 35. c5 Ra2 36. cxd6 exd6 37. g4 a4 38. Kg3 a3 39. Bd4 Rd2 40. Bc3 a2
41. Bc4 Rc2 42. Bxa2 Rxa2 43. Bb4 Ra6 44. Nf6 Bc8 45. Nxh7+ Ke7 46. e5 Ke6 47.
exd6 f6 48. Nf8+ Kd5 49. d7 Bxd7 50. Nxd7 Kc4 51. Bd2 Rd6 52. Nxf6 Rxf6 53. h4
Kd3 54. g5 Rf7 55. Bc1 Ke2 56. f4 Rc7 57. Bb2 Ke3 58. h5 gxh5 59. Be5 Rc8 60.
Kh4 Ke4 61. Kxh5 Kf5 62. g6 Rc1 63. Kh4 1/2-1/2

[Event "XL Corsicoscacchi A"]
[Site "Corsico ITA"]
[Date "2009.05.01"]
[Round "2"]
[White "Angelini, Marco"]
[Black "Bemporad, Filippo"]
[Result "1/2-1/2"]
[WhiteElo "2033"]
[BlackElo "2100"]
[PlyCount "97"]
[EventDate "2009.05.01"]

1. e4 c5 2. Nf3 d6 3. d4 cxd4 4. Nxd4 Nf6 5. Nc3 e6 6. Bg5 Be7 7. f4 h6 8. Bxf6
Bxf6 9. Qd2 a6 10. O-O-O Qc7 11. Be2 O-O 12. Bf3 Rd8 13. Kb1 Nc6 14. Nce2 Bd7
15. h4 Nxd4 16. Nxd4 Rac8 17. c3 b5 18. g4 e5 19. Nf5 exf4 20. g5 Bxf5 21. exf5
Be5 22. f6 Kh8 23. fxg7+ Bxg7 24. Qxf4 b4 25. gxh6 Be5 26. Qf5 bxc3 27. Be4 f6
28. Rc1 Rb8 29. b3 Qd7 30. Qf3 d5 31. Bd3 a5 32. Rhg1 Rg8 33. h7 Rg7 34. Rxg7
Qxg7 35. Qxd5 a4 36. Bc2 axb3 37. axb3 Qa7 38. Be4 Qa3 39. Kc2 Qb2+ 40. Kd1 Qf2
41. Qd3 Qb6 42. Bd5 Rd8 43. Ke2 Qa5 44. Rg1 Qxd5 45. Rg8+ Rxg8 46. Qxd5 Kxh7
47. Qf7+ Kh8 48. Qh5+ Kg7 49. Qg4+ 1/2-1/2

[Event "XL Corsicoscacchi A"]
[Site "Corsico ITA"]
[Date "2009.05.01"]
[Round "2"]
[White "Castrogiovanni, Carlo"]
[Black "Sbarra, Marco"]
[Result "0-1"]
[WhiteElo "2027"]
[BlackElo "2232"]
[PlyCount "58"]
[EventDate "2009.05.01"]

1. d4 Nf6 2. c4 e6 3. g3 d5 4. Nc3 c5 5. cxd5 cxd4 6. Qa4+ Bd7 7. Qxd4 exd5 8.
Nxd5 Qa5+ 9. Nc3 Nc6 10. Qe3+ Be7 11. Bg2 O-O 12. Qg5 Qb6 13. Nh3 Rad8 14. Qb5
Qxb5 15. Nxb5 Bb4+ 16. Nc3 Nd4 17. Kf1 Nc2 18. Rb1 Bxc3 19. bxc3 Bf5 20. Bg5
Ne3+ 21. fxe3 Bxb1 22. Bxf6 Rd1+ 23. Kf2 Rxh1 24. Bxh1 gxf6 25. Bxb7 Bxa2 26.
Nf4 a5 27. Ke1 a4 28. Bd5 Bxd5 29. Nxd5 a3 0-1

[Event "XL Corsicoscacchi A"]
[Site "Corsico ITA"]
[Date "2009.05.01"]
[Round "2"]
[White "Cereda, Loris"]
[Black "Volpi, Davide"]
[Result "1/2-1/2"]
[WhiteElo "2050"]
[BlackElo "2020"]
[PlyCount "106"]
[EventDate "2009.05.01"]

1. e4 c5 2. c3 Nf6 3. e5 Nd5 4. d4 cxd4 5. Nf3 Nc6 6. cxd4 d6 7. Bc4 Nb6 8. Bb5
d5 9. Nc3 e6 10. O-O Be7 11. Bf4 O-O 12. Rc1 f6 13. exf6 Bxf6 14. Ne2 Bd7 15.
Bd3 Qe7 16. Ne5 Nxe5 17. dxe5 Bg5 18. g3 Bxf4 19. Nxf4 Qg5 20. Qe2 Rxf4 21. Qe3
Rg4 22. f4 Qh6 23. Qf3 Qh3 24. Rf2 Rg6 25. Bxg6 hxg6 26. Qa3 Bc6 27. Qc5 Qf5
28. b4 Qf8 29. Qd4 Nc4 30. g4 Qxb4 31. f5 gxf5 32. gxf5 exf5 33. h4 Re8 34. Kh2
Qb6 35. Qf4 Qe3 36. Rxc4 Qxf4+ 37. Rcxf4 Rxe5 38. Rxf5 Re4 39. Kg3 d4 40. Rd2
Re3+ 41. Kf4 Rh3 42. h5 d3 43. Re5 Rf3+ 44. Kg4 a6 45. Rc5 Re3 46. Kf4 Rh3 47.
Kg4 Bd7+ 48. Kf4 Bb5 49. Rg5 Kh7 50. Rdg2 Bc4 51. Rxg7+ Kh8 52. Rxb7 Rxh5 53.
Ke3 Rh3+ 1/2-1/2

[Event "XL Corsicoscacchi A"]
[Site "Corsico ITA"]
[Date "2009.05.01"]
[Round "2"]
[White "Massironi, Marco"]
[Black "Ranieri, Fabrizio"]
[Result "0-1"]
[WhiteElo "2180"]
[BlackElo "2249"]
[PlyCount "80"]
[EventDate "2009.05.01"]

1. e4 e6 2. d4 d5 3. Nc3 Nf6 4. e5 Nfd7 5. f4 c5 6. Nf3 Nc6 7. Be3 cxd4 8. Nxd4
Qb6 9. Qd2 Qxb2 10. Rb1 Qa3 11. Bb5 Ndb8 12. O-O Bb4 13. Rb3 Qa5 14. f5 exf5
15. Rxb4 Qxb4 16. Nb3 Nd7 17. Rf4 Qe7 18. Nxd5 Qxe5 19. Rf1 O-O 20. Bf4 Qb2 21.
Bd6 Rd8 22. Nc3 Nf8 23. Rb1 Rxd6 24. Rxb2 Rxd2 25. Nxd2 Be6 26. Be2 Rc8 27. Nb5
a6 28. Nd6 Rd8 29. N2c4 b5 30. Nb7 Rd4 31. Ncd6 Rd2 32. Bd3 g6 33. Ne8 Ne5 34.
Bf1 Bc4 35. Nbd6 Bxf1 36. Kxf1 Ne6 37. a4 Nd4 38. axb5 Nxc2 39. Rxc2 Rxc2 40.
b6 Nc6 0-1

[Event "XL Corsicoscacchi A"]
[Site "Corsico ITA"]
[Date "2009.05.01"]
[Round "2"]
[White "Mastrorilli, Nicola"]
[Black "Krasnov, Eduard"]
[Result "1/2-1/2"]
[WhiteElo "2012"]
[BlackElo "2015"]
[PlyCount "100"]
[EventDate "2009.05.01"]

1. e4 e6 2. d4 d5 3. Nc3 Nf6 4. Bg5 Be7 5. e5 Nfd7 6. Bxe7 Qxe7 7. f4 a6 8. Nf3
c5 9. Qd2 Nc6 10. Ne2 cxd4 11. Nexd4 Nc5 12. Bd3 Nxd4 13. Nxd4 Nxd3+ 14. cxd3
Bd7 15. Rc1 Rc8 16. O-O O-O 17. a3 h6 18. g3 Rxc1 19. Rxc1 Rc8 20. Rxc8+ Bxc8
21. Qc3 Qd8 22. a4 Bd7 23. a5 b6 24. axb6 Qxb6 25. b4 Bb5 26. Kf1 Qb7 27. Ke2
Bd7 28. Qc5 Qc8 29. Ke3 Qb7 30. Nc2 Ba4 31. Na3 Qd7 32. Nb1 f6 33. Nc3 fxe5 34.
fxe5 Bb5 35. Ne2 g5 36. Nd4 Kf7 37. h4 gxh4 38. gxh4 Qd8 39. Nxb5 axb5 40. Qxb5
Qxh4 41. Qd7+ Qe7 42. Qxe7+ Kxe7 43. Kf3 Kd7 44. Kg4 Kc6 45. Kh5 Kb5 46. Kxh6
Kxb4 47. Kg6 d4 48. Kf6 Kc3 49. Kxe6 Kxd3 50. Kf5 Kc2 1/2-1/2

[Event "XL Corsicoscacchi A"]
[Site "Corsico ITA"]
[Date "2009.05.01"]
[Round "2"]
[White "Mazzariol, Oscar"]
[Black "Cazzaniga, Walter"]
[Result "1/2-1/2"]
[WhiteElo "2062"]
[BlackElo "2192"]
[PlyCount "41"]
[EventDate "2009.05.01"]

1. d4 Nf6 2. c4 g6 3. Nc3 d5 4. cxd5 Nxd5 5. e4 Nxc3 6. bxc3 Bg7 7. Bc4 c5 8.
Ne2 O-O 9. Be3 Nc6 10. Rc1 Na5 11. Bd3 b6 12. h4 h5 13. e5 e6 14. Nf4 Bb7 15.
Nxh5 gxh5 16. Qxh5 f5 17. exf6 Rxf6 18. Rh3 Qe8 19. Qh7+ Kf7 20. Rg3 Qh8 21.
Bg5 1/2-1/2

[Event "XL Corsicoscacchi A"]
[Site "Corsico ITA"]
[Date "2009.05.01"]
[Round "2"]
[White "Piemonti, Carlo"]
[Black "Lucchese, Paolo"]
[Result "0-1"]
[WhiteElo "2016"]
[BlackElo "2005"]
[PlyCount "54"]
[EventDate "2009.05.01"]

1. e4 c5 2. Nf3 d6 3. Bb5+ Bd7 4. Bxd7+ Qxd7 5. c4 Nc6 6. Nc3 Nf6 7. O-O g6 8.
d3 Bg7 9. Kh1 O-O 10. h3 Nh5 11. Ne2 e5 12. g4 Nf6 13. Kg2 h5 14. g5 Nh7 15.
Nh4 Qe7 16. Qd2 Bh6 17. Nf3 Bg7 18. Nc3 Qd7 19. Nh4 Nd4 20. Nd5 Ne6 21. Nf3 Qd8
22. Rb1 f6 23. h4 fxg5 24. Nxg5 Nhxg5 25. hxg5 Nf4+ 26. Nxf4 Qxg5+ 27. Kf3 Qg4+
0-1

[Event "XL Corsicoscacchi A"]
[Site "Corsico ITA"]
[Date "2009.05.01"]
[Round "2"]
[White "Ubezio, Marco"]
[Black "Bonazzi, Edoardo"]
[Result "1/2-1/2"]
[WhiteElo "2163"]
[BlackElo "2179"]
[PlyCount "58"]
[EventDate "2009.05.01"]

1. e4 c6 2. d4 d5 3. e5 c5 4. dxc5 Nc6 5. Bb5 e6 6. Be3 Nge7 7. c3 Bd7 8. Bxc6
Nxc6 9. Nf3 Qc7 10. Bd4 Nxd4 11. cxd4 b6 12. c6 Bxc6 13. O-O Be7 14. Nc3 O-O
15. Rc1 Qb7 16. Re1 Rac8 17. Qd2 Bd7 18. Ne2 Rc4 19. b3 Bb4 20. Qb2 Rxc1 21.
Rxc1 Rc8 22. Rc2 Bb5 23. Qc1 Rxc2 24. Qxc2 Bxe2 25. Qxe2 Qc6 26. g3 b5 27. Kg2
a6 28. Qd3 Qc3 29. Qxc3 Bxc3 1/2-1/2

[Event "XL Corsicoscacchi A"]
[Site "Corsico ITA"]
[Date "2009.05.02"]
[Round "3"]
[White "Bemporad, Filippo"]
[Black "Cereda, Loris"]
[Result "1/2-1/2"]
[WhiteElo "2100"]
[BlackElo "2050"]
[PlyCount "59"]
[EventDate "2009.05.01"]

1. d4 d5 2. Nf3 Nf6 3. g3 e6 4. Bg2 Bd6 5. O-O Nbd7 6. c4 c6 7. Nc3 O-O 8. Qc2
dxc4 9. Nd2 e5 10. Nxc4 Bc7 11. d5 cxd5 12. Nxd5 Nxd5 13. Bxd5 Nb6 14. Bg2 Nxc4
15. Qxc4 Bb6 16. Qb3 Qe7 17. Bd2 Be6 18. Bb4 Bc5 19. Bxc5 Qxc5 20. Qa4 b5 21.
Qa5 Rac8 22. Rfd1 b4 23. Qa4 h6 24. a3 bxa3 25. Qxa3 Qxa3 26. Rxa3 Rc2 27. e3
Rxb2 28. Rxa7 Rfb8 29. Ra8 Rxa8 30. Bxa8 1/2-1/2